[Event "Niedersachsen-ch Seniors 42th"]
[Site "Sottrum"]
[Date "2008.04.18"]
[Round "9"]
[White "Spindler, Egbert"]
[Black "Krieger, Heinrich"]
[Result "1/2-1/2"]
[WhiteElo "1683"]
[BlackElo "1532"]
[PlyCount "40"]
[EventDate "2008.04.10"]
[EventType "swiss"]
[EventRounds "9"]
[EventCountry "GER"]
[SourceTitle "EXT 2022"]
[Source "ChessBase"]
[SourceDate "2021.10.06"]
[SourceVersion "1"]
[SourceVersionDate "2021.10.06"]
[SourceQuality "1"]

1. e4 e5 2. Nf3 Nc6 3. Be2 Be7 4. 0-0 Nf6 5. Nc3 0-0 6. d4 exd4 7. Nxd4 Nxd4 8. Qxd4 d6 9. Bg5 h6 10. Bh4 Be6 11. Rad1 Nd7 12. Bxe7 Qxe7 13. a3 a6 14. f4 f5 15. exf5 Bxf5 16. Bc4+ Kh8 17. Nd5 Qe4 18. c3 Qxd4+ 19. Rxd4 c6 20. Ne3 d5 1/2-1/2

[Event "Niedersachsen-ch Seniors 42th"]
[Site "Sottrum"]
[Date "2008.04.11"]
[Round "2"]
[White "Krieger, Heinrich"]
[Black "Gudat, Alfons"]
[Result "1/2-1/2"]
[WhiteElo "1532"]
[BlackElo "1839"]
[PlyCount "72"]
[EventDate "2008.04.10"]
[EventType "swiss"]
[EventRounds "9"]
[EventCountry "GER"]
[SourceTitle "EXT 2022"]
[Source "ChessBase"]
[SourceDate "2021.10.06"]
[SourceVersion "1"]
[SourceVersionDate "2021.10.06"]
[SourceQuality "1"]

1. e4 c5 2. Bc4 e6 3. Nf3 Nc6 4. d4 cxd4 5. Nxd4 Nge7 6. a3 Nxd4 7. Qxd4 Nc6 8. Qc3 a6 9. Bf4 b5 10. Ba2 Bb7 11. 0-0 Rc8 12. Qd3 Be7 13. Nd2 0-0 14. Rad1 d6 15. Nf3 e5 16. Bg3 Qc7 17. c3 Na5 18. Bh4 Nc4 19. Bxe7 Qxe7 20. Bxc4 Rxc4 21. Qxd6 Qxd6 22. Rxd6 Rxe4 23. Re1 Rxe1+ 24. Nxe1 f6 25. Nd3 Rc8 26. Kf1 Kf8 27. Rd7 Bc6 28. Ra7 Be4 29. Nb4 Rd8 30. f3 Bd3+ 31. Ke1 e4 32. Rxa6 exf3 33. gxf3 Re8+ 34. Kd2 Bc4 35. Nc6 Re2+ 36. Kc1 Rxh2 1/2-1/2

[Event "Niedersachsen-ch Seniors 42th"]
[Site "Sottrum"]
[Date "2008.04.10"]
[Round "1"]
[White "Pundt, Wilfried"]
[Black "Krieger, Heinrich"]
[Result "1/2-1/2"]
[WhiteElo "1876"]
[BlackElo "1532"]
[PlyCount "120"]
[EventDate "2008.04.10"]
[EventType "swiss"]
[EventRounds "9"]
[EventCountry "GER"]
[SourceTitle "EXT 2022"]
[Source "ChessBase"]
[SourceDate "2021.10.06"]
[SourceVersion "1"]
[SourceVersionDate "2021.10.06"]
[SourceQuality "1"]

1. e4 e5 2. Nf3 d6 3. d4 exd4 4. Bc4 Bg4 5. 0-0 Nf6 6. e5 Bxf3 7. Qxf3 dxe5 8. Qxb7 Nbd7 9. Qb3 Qe7 10. Bg5 g6 11. f4 Bg7 12. fxe5 Nxe5 13. Nd2 0-0 14. Ne4 Ned7 15. Rae1 Qd8 16. Qh3 Rb8 17. Qh4 Rb6 18. Bb3 c5 19. Ba4 Re8 20. Nxf6+ Bxf6 21. Rxe8+ Qxe8 22. Bxf6 Qe3+ 23. Kh1 Nxf6 24. h3 Ne4 25. Rf3 Qc1+ 26. Kh2 Nd2 27. Qd8+ Kg7 28. Rf2 Nf1+ 29. Kg1 Ne3+ 30. Kh2 Qxb2 31. Bb3 c4 32. Qc7 Rf6 33. Qe5 Nf5 34. Bxc4 Qc3 35. Bd3 Qc6 36. g4 Qd6 37. Qxd6 Nxd6 38. Re2 Re6 39. Rd2 Ne4 40. Rd1 Nc3 41. Rf1 Re7 42. a3 f6 43. Rf4 Rd7 44. Kg3 g5 45. Rf1 Re7 46. Rh1 Ne2+ 47. Kf2 Nf4 48. Bc4 Rc7 49. Bb3 Rc3 50. h4 d3 51. hxg5 dxc2 52. gxf6+ Kxf6 53. Bxc2 Rxc2+ 54. Kf3 Kg5 55. Rxh7 Rc3+ 56. Ke4 Rxa3 57. Rg7+ Kf6 58. Rg8 Ra4+ 59. Kf3 Ng6 60. Rd8 Ne5+ 1/2-1/2